000 01553nam a22002777a 4500
005 20081106101154.0
008 081106t xxu||||| |||| 00| j hin d
010 _aHIN-85422
020 _c450.00
_a8174875905
035 _aHN-57768
037 _bDBAD / PUB
040 _aDPL
_bHN
082 _a355.0217
100 _aशुक्ल, कृष्णानन्द
245 _aविश्व का परमाणु संकट और भारत की परमाणु नीति /
_cकृष्णानन्द शुक्ल
246 _aVishwa Ka Parmanu Sankat Aur Bharat Ki Parmanu Niti
_bby Krishna Nand Shukla
260 _aनई दिल्ली
_bराधा पब्लिकेशन्स
_c2008
270 _a4231/1, अंसारी रोड़, दरियागंज
_bनई दिल्ली
_e110002
_k011-23247003, 23254306
300 _a218 पृ
_c22सेमी (सजिल्द)
650 _aपरमाणु युद्ध
_xनैतिक एवं नीति संबंधी पक्ष
650 _aNuclear warfare
_xMoral and ethical aspects
650 _aपरमाणु उर्जा
_xसरकारी नीति
_zभारत
650 _aNuclear energy
_xGovernment policy
_zIndia
942 _2ddc
_cHN
_mशुक्लकृ
_h355.0217
999 _c19700
_d19700